| 000 | 00000nam 2200000za 4500 |
| 001 | 9.675634 |
| 003 | CaOODSP |
| 005 | 20250307102220 |
| 007 | cr ||||||||||| |
| 008 | 150407|2008||||xxc|||||o f|0| 0 chi d |
| 040 | |aCaOODSP|bfre |
| 043 | |an-cn--- |
| 086 | 1 |aFs23-452/2008Chi1-PDF|zFs23-452/2008Ch-PDF |
| 110 | 1 |aCanada. |bMinistère des pêches et des océans. |
| 245 | 10|a[Consignes à respecter concernant la pêche au crabe] |h[ressource électronique]. |
| 250 | |a[Édition chinois traditionnel]. |
| 260 | |aVancouver - Colombie Britannique : |bPêches et Océans Canada |cc2008. |
| 300 | |a2p.|bill. en couleur, photographies |
| 500 | |aLe numéro de catalogue (Fs23-452/2008C) et l'ISBN (0-662-39275-2) imprimés dans cette publication sont incorrects. |
| 546 | |aTexte en chinois traditionnel. |
| 590 | |a12-02-Supp|b2012-01-20 |
| 691 | 07|aPêche sportive|2gcpds |
| 791 | |t[Sport fishing guidelines for crab] |eeng|w(CaOODSP)9.675633 |
| 856 | 40|ahttp://publications.gc.ca|qPDF|s3059 Ko|uhttps://publications.gc.ca/collections/collection_2012/mpo-dfo/Fs23-452-2008-chi.pdf |